000 00708nam a2200253 a 4500
008
020 _a0073511285 (hbk.)
049 _aMAIN
090 0 _aHJ257.2
_bROS
100 1 _aRosen, Harvey S.
245 1 0 _aPublic finance /
_cHarvey S. Rosen [and] Ted Gayer.
250 _a8th ed.
260 _aBoston :
_bMcGraw-Hill,
_c2008.
300 _axxvi, 596 p. :
_bill. ;
_c26 cm.
500 _aIncludes index.
504 _aIncludes bibliographical references.
650 _aFinance
_vPublic.
700 _aGayer, Ted.
907 _a.b10286639
_b01-09-22
_c08-11-10
003
005 20230120133836.0
040 _cNUST
942 _cBOOKS
_kHJ257.2
_mROS
999 _c96396
_d96396